000 00592nam a2200133Ia 4500
008 100328s9999 xx 000 0 und d
082 _b59058
100 _aपंडित नलिनी.
245 _aमहाराष्ट्रातील राष्ट्रवादाचा विकास.
260 _bग्रंथाली.
630 _aमहाराष्ट्रातील राष्ट्रवादाचा विकास.
730 _aमहाराष्ट्रातील राष्ट्रवादाचा विकास.
942 _cBOOK
999 _c545323
_d545320